| 000 | 004520000a22001090004500 | ||
|---|---|---|---|
| 245 | 1 | 0 | _aEl verdadero rostro de los mochicas. |
| 300 | _aVol.17, no.197 (2000). p, 8-14 | ||
| 520 | _aLa mirada de los mochicas nos llega pasados los siglos a través de los ojos de sus artesanías. con sus caras intentamos conocer esta cultura y sus rituales, centrados en sacrificios humanos. | ||
| 650 | 1 | 4 | _aARQUEOLOGIA |
| 773 | 0 | _tRevista muy interesante | |
| 942 | _cANA | ||
| 999 |
_c63229 _d63229 |
||